000 00653nam a2200241Ia 4500
003 OSt
005 20220918205611.0
006 a|||||r|||| 00| 0
007 ta
008 220917b |||||||| |||| 00| 0 eng d
024 _a117,232
037 _cTextual
040 _aARTS
_cARTS
_beng
041 _2eng
_aeng
082 _aV6:1:N5, K29 (906)
100 _aRycroft W Stanley
_9115609
245 0 _aFacyual study of sub Saharan Africa
260 _c1962
650 _aHISTORY
700 _a Clemmer Myrtle M
_9115610
942 _hV6:1:N5, K29 (906)
_cTEXL
_2CC
999 _c240520
_d240520